Boletín de las leyes i decretos del gobierno: 1897
Збережено в:
| Формат: | Книга |
|---|---|
| Мова: | Іспанська |
| Опубліковано: |
Santiago
Nacional
1898
|
| Предмети: | |
| Теги: |
Додати тег
Немає тегів, Будьте першим, хто поставить тег для цього запису!
|
MARC
| LEADER | 00000nam a2200000 a 4500 | ||
|---|---|---|---|
| 001 | UCR1510 | ||
| 003 | CL-VaPUC | ||
| 008 | 971219e18980000CL |||||||||||||||||spa|d | ||
| 082 | 0 | 4 | |a 348.022 |b BOL |2 21 |
| 245 | 1 | 0 | |a Boletín de las leyes i decretos del gobierno: 1897 |
| 300 | |a 2 v | ||
| 942 | |c BK | ||
| 945 | |d 19971219 00:00:00 |a lriquelm | ||
| 260 | |a Santiago |b Nacional |c 1898 | ||
| 500 | |a p.2: Corresponde a sociedades anónimas | ||
| 650 | 7 | |a DERECHO CHILENO SIGLO 19 |2 CL-VaPUC |9 398670 | |
| 650 | 0 | |a Fuentes del derecho |9 255162 | |
| 651 | 7 | |a CHILE |2 CL-VaPUC |9 398671 | |
| 583 | |a last modification |c 20160829 10:36:59 |k Rodrigo Vera | ||
| 999 | |c 264912 |d 264910 | ||
| 952 | |0 0 |1 0 |4 0 |6 348_022000000000000_BOL_1898 |7 0 |8 X |9 295546 |a BIBDER |b BIBDER |d 2019-11-20 |h v.66 p.1 |i 1925660 |o 348.022 BOL 1898 |p 1925660 |r 2023-01-25 |w 2019-11-20 |y BK_X |k DER | ||
| 952 | |0 0 |1 0 |4 0 |6 348_022000000000000_BOL_1898 |7 0 |8 X |9 295547 |a BIBDER |b BIBDER |d 2019-11-20 |h v.66 p.2 |i 1925342 |o 348.022 BOL 1898 |p 1925342 |r 2023-01-25 |w 2019-11-20 |y BK_X |k DER | ||